000 00863nas a2200301 4500
001 BR0900336
003 BR-BrBNA
005 20231205113042.0
007 ta
008 230509b bl.|||p| |||| 00| 00por d
040 _aBR-BrBNA
_bpor
_cBiblioteca Nacional de Agricultura
041 _a(Pt)
072 _aH10
100 1 _aCarneiro, R.G.
100 1 _aMoritz, M.P.
100 1 _aMônaco, A.P.A.
100 1 _aNakamura, K.C.
100 1 _aScherer, A.
245 1 _aReação de milho, sorgo e milheto a Meloidogyne incognita M.javanica e M. paranaensis.
500 _ap. 67-71
650 _aMILHO
650 _aSORGO
650 _aMILHETO
650 _aPRAGA DE PLANTA
773 0 _tNematologia Brasileira (Brazil)
_xISSN 0102-2997
_g(Aug 2007), v. 31(2) p. 67-71
_wBR0900336
909 _a202311
_bLúcia
_c55
_dLúcia Elande
942 _2AGRIS
_n0
_cANA
999 _c201558
_d201558